| 000 | 01018cam a2200325 a 4500 | ||
|---|---|---|---|
| 001 | 106379 | ||
| 005 | 20230410105220.0 | ||
| 008 | 100608s2010 fr b b 000 0 fre | ||
| 035 | _a16320057 | ||
| 925 | 0 |
_aacquire _b1 shelf copy _xpolicy default |
|
| 942 |
_2lcc _cbk |
||
| 010 | _a 2010486659 | ||
| 020 | _a9782847365184 | ||
| 035 | _a(FrPJT)JTL00274245 | ||
| 040 |
_aDLC _cDLC |
||
| 043 | _ae-fr--- | ||
| 050 | 1 | 4 |
_aDC58 _b.R395 2010 |
| 100 | 1 | _aRenaud, Franck. | |
| 245 | 1 | 4 |
_aLes diplomates : _bderriére la facade des ambassades de France / _cFranck Renaud. |
| 260 |
_a[Paris] : _bNouveau Monde, _cc2010. |
||
| 300 |
_a393 p. : _bmaps ; _c23 cm. |
||
| 490 | 0 | _aLes enquéteurs associés | |
| 504 | _aIncludes bibliographical references (p. 383-[387]). | ||
| 651 | 0 |
_aFrance _xForeign relations _y1995- |
|
| 650 | 0 |
_aDiplomats _zFrance _xHistory. |
|
| 650 | 0 |
_aDiplomatic and consular service _zFrance _xHistory. |
|
| 923 |
_d20100615 _nB00108565 _s93001875 |
||
| 985 | _eVENDOR LOAD | ||
| 946 | 0 | 0 | _aJPR |
| 999 |
_c32259 _d32259 |
||